000 00503nam a2200109Ia 4500
008 171204s9999 xx 000 0 und d
245 _aEnergy Technology 2017: Carbon Dioxide Management and Other Technologies
245 _cDonna Post Guillen, Elsa Olivetti, Fiseha Tesfaye, Jaroslaw W. Drelich, Jingxi Zhu, Lei Zhang, Nawshad Haque, Tao Wang, and Ziqi Sun
260 _c2017
650 _xHygiene & Sanitation with Emphasis on Waste Management
856 _uhttp://down.ebook777.com/058/9783319521916.pdf
999 _c346702
_d346702